<?xml version="1.0" encoding="UTF-8"?>
<record
    xmlns:xsi="http://www.w3.org/2001/XMLSchema-instance"
    xsi:schemaLocation="http://www.loc.gov/MARC21/slim http://www.loc.gov/standards/marcxml/schema/MARC21slim.xsd"
    xmlns="http://www.loc.gov/MARC21/slim">

  <leader>02392nam a2200325   4500</leader>
  <controlfield tag="001">14709032</controlfield>
  <controlfield tag="005">20141030090347.0</controlfield>
  <controlfield tag="007">000</controlfield>
  <controlfield tag="008">000</controlfield>
  <datafield tag="010" ind1=" " ind2=" ">
    <subfield code="a">  2007003109</subfield>
  </datafield>
  <datafield tag="020" ind1=" " ind2=" ">
    <subfield code="a">0132222205</subfield>
  </datafield>
  <datafield tag="020" ind1=" " ind2=" ">
    <subfield code="a">9780132222204</subfield>
  </datafield>
  <datafield tag="035" ind1=" " ind2=" ">
    <subfield code="a">(OCoLC)ocm80181222</subfield>
  </datafield>
  <datafield tag="040" ind1=" " ind2=" ">
    <subfield code="a">UOEL</subfield>
    <subfield code="c">DLC</subfield>
    <subfield code="d">YDX</subfield>
    <subfield code="d">BAKER</subfield>
    <subfield code="d">YDXCP</subfield>
    <subfield code="d">DMZ</subfield>
    <subfield code="d">DLC</subfield>
  </datafield>
  <datafield tag="050" ind1="0" ind2="0">
    <subfield code="a">QA76.73.J38</subfield>
    <subfield code="b">D45 2007</subfield>
  </datafield>
  <datafield tag="082" ind1="0" ind2="0">
    <subfield code="a">005.13/3</subfield>
    <subfield code="2">22</subfield>
  </datafield>
  <datafield tag="100" ind1="1" ind2=" ">
    <subfield code="a">Deitel, Paul J.</subfield>
  </datafield>
  <datafield tag="245" ind1="1" ind2="0">
    <subfield code="a">Java :</subfield>
    <subfield code="b">how to program /</subfield>
    <subfield code="c">P.J.Deitel, H.M.Deitel.</subfield>
  </datafield>
  <datafield tag="250" ind1=" " ind2=" ">
    <subfield code="a">7th ed.</subfield>
  </datafield>
  <datafield tag="260" ind1=" " ind2=" ">
    <subfield code="a">New Jersey ;</subfield>
    <subfield code="b">Pearson Prentice Hall,</subfield>
    <subfield code="c">c2007.</subfield>
  </datafield>
  <datafield tag="300" ind1=" " ind2=" ">
    <subfield code="a">xliv, 1596 p. :</subfield>
    <subfield code="b">ill. ;</subfield>
    <subfield code="c">24 cm +</subfield>
    <subfield code="e">1 CD-ROM (4 3/4 in.).</subfield>
  </datafield>
  <datafield tag="440" ind1=" " ind2="0">
    <subfield code="a">How to program series</subfield>
  </datafield>
  <datafield tag="500" ind1=" " ind2=" ">
    <subfield code="a">Includes index.</subfield>
  </datafield>
  <datafield tag="505" ind1="0" ind2=" ">
    <subfield code="a">Introduction to computers, the Internet and the Web -- Introduction to Java applications -- Introduction to classes and objects -- Control statements: part 1 -- Control statements: part 2 -- Methods: a deeper look -- Arrays -- Classes and objects: a deeper look -- Object-oriented programming: inheritance -- Object-oriented programming:  polymorphism -- GUI components: part 1 -- Graphics and Java 2D -- Exception handling -- Files and streams -- Recursion -- Searching and sorting -- Data structures -- Generics -- Collections -- Introduction to Java applets -- Multimedia: applets and applications -- GUI components: part 2 -- Multithreading -- Networking -- Accessing databases with JDBC -- Web applications: part 1 -- Web applications: part 2 -- JAX-WS Web services -- Formatted output -- Strings, characters and regular expressions -- A. Operator precedence chart -- B. ASCII character set -- C. Keywords and reserved words -- D. Primitive types -- E. Number systems -- F. GroupLayout -- G. Java desktop integration components (JDIC) -- H. Mashups -- Web bonus appendices -- I. Unicode -- J. Using the Java API documentation -- K. Creating documentation with javadoc -- L. Bit manipulation -- M. ATM case study code -- N. Labeled break and continue statements -- O. UML 2: additional diagram types --  P. Design patterns -- Q. Using the debugger.</subfield>
  </datafield>
  <datafield tag="650" ind1=" " ind2="0">
    <subfield code="a">Java (Computer program language)</subfield>
    <subfield code="x">Mathematics</subfield>
  </datafield>
  <datafield tag="700" ind1="1" ind2=" ">
    <subfield code="a">Deitel, Paul J.</subfield>
  </datafield>
  <datafield tag="906" ind1=" " ind2=" ">
    <subfield code="a">7</subfield>
    <subfield code="b">cbc</subfield>
    <subfield code="c">orignew</subfield>
    <subfield code="d">1</subfield>
    <subfield code="e">ecip</subfield>
    <subfield code="f">20</subfield>
    <subfield code="g">y-gencatlg</subfield>
  </datafield>
  <datafield tag="942" ind1=" " ind2=" ">
    <subfield code="2">lcc</subfield>
    <subfield code="c">SL2</subfield>
  </datafield>
  <datafield tag="999" ind1=" " ind2=" ">
    <subfield code="c">1048</subfield>
    <subfield code="d">1048</subfield>
  </datafield>
  <datafield tag="952" ind1=" " ind2=" ">
    <subfield code="0">0</subfield>
    <subfield code="1">0</subfield>
    <subfield code="2">lcc</subfield>
    <subfield code="4">0</subfield>
    <subfield code="7">0</subfield>
    <subfield code="a">UOE</subfield>
    <subfield code="b">UOE</subfield>
    <subfield code="c">SHO</subfield>
    <subfield code="d">2014-10-30</subfield>
    <subfield code="l">2</subfield>
    <subfield code="o">QA76.73.J38 D45 2007</subfield>
    <subfield code="p">20147554</subfield>
    <subfield code="r">2026-04-27 09:28:44</subfield>
    <subfield code="s">2020-02-05</subfield>
    <subfield code="t">20147554</subfield>
    <subfield code="w">2014-10-30</subfield>
    <subfield code="y">SL2</subfield>
  </datafield>
</record>
